| 000 | 00828nam a2200205Ia 4500 | ||
|---|---|---|---|
| 999 |
_c37978 _d37978 |
||
| 001 | 3961 | ||
| 003 | GE_BSU | ||
| 005 | 20190910160016.0 | ||
| 008 | 181216s1982||||ge |||||||||||||| ||geo|| | ||
| 040 | _cGE_BSU | ||
| 041 | _ageo | ||
| 080 | _a33(479.223) თ–86 | ||
| 100 |
_aთურმანიძე, ოთარ _93946 |
||
| 245 |
_aაჭარის ასსრ ეკონომიკური განვითარების აქტუალური პრობლემები / _cრედ. ა. ბაჯელიძე. |
||
| 264 |
_aბათუმი : _bსაბჭ. აჭარა, _c1982. |
||
| 300 |
_a118 გვ. ; _b21 სმ. |
||
| 653 | _aაჭარის ეკონომიკა | ||
| 700 |
_aბაჯელიძე, ა. _eრედაქტორი _921 |
||
| 942 |
_cBK _2udc |
||